Catalog

Record Details

Catalog Search



Discovering the Inca Ice Maiden : my adventures on Ampato  Cover Image Book Book

Discovering the Inca Ice Maiden : my adventures on Ampato / by Johan Reinhard.

Summary:

A first-person account of the 1995 discovery of the over 500-year-old Peruvian ice mummy on Mount Ampato and a description of the subsequent retrieval and scientific study.

Record details

  • ISBN: 0792271424
  • Physical Description: 48 pages : color illustrations ; 29 cm.
  • Publisher: Washington, D.C. : National Geographic Society, c1998.

Content descriptions

General Note:
Includes index.
Subject: Incas > Antiquities > Juvenile literature.
Mummies > Peru > Ampato, Mount (Arequipa) > Juvenile literature.
Reinhard, Johan > Juvenile literature.
Archaeology > Methodology > Juvenile literature.
Peru > Antiquities > Juvenile literature.
Incas > Antiquities.
Mummies.
Reinhard, Johan.
Peru > Antiquities.
Indians of South America > Antiquities.
Archaeology.

LDR 01595cam a2200397 a 4500
001125309
003CONS
00520140703073302.0
008970812s1998 dcua j 001 0 eng
010 . ‡a 97031291 /AC
020 . ‡a0792271424
035 . ‡a(CPomAG)LMN491255
043 . ‡as-pe---
05000. ‡aF3429.3.M8 ‡bR45 1998
08200. ‡a985/.019 ‡221
1001 . ‡aReinhard, Johan.
24510. ‡aDiscovering the Inca Ice Maiden : ‡bmy adventures on Ampato / ‡cby Johan Reinhard.
24630. ‡aInca Ice Maiden
260 . ‡aWashington, D.C. : ‡bNational Geographic Society, ‡cc1998.
300 . ‡a48 pages : ‡bcolor illustrations ; ‡c29 cm.
500 . ‡aIncludes index.
520 . ‡aA first-person account of the 1995 discovery of the over 500-year-old Peruvian ice mummy on Mount Ampato and a description of the subsequent retrieval and scientific study.
650 0. ‡aIncas ‡xAntiquities ‡vJuvenile literature.
650 0. ‡aMummies ‡zPeru ‡zAmpato, Mount (Arequipa) ‡vJuvenile literature.
60010. ‡aReinhard, Johan ‡vJuvenile literature.
650 0. ‡aArchaeology ‡xMethodology ‡vJuvenile literature.
651 0. ‡aPeru ‡xAntiquities ‡vJuvenile literature.
650 1. ‡aIncas ‡xAntiquities.
650 1. ‡aMummies.
60011. ‡aReinhard, Johan.
651 1. ‡aPeru ‡xAntiquities.
650 1. ‡aIndians of South America ‡xAntiquities.
650 1. ‡aArchaeology.
7102 . ‡aNational Geographic Society (U.S.)
959 . ‡i32269000555360 ‡lJ985.019 Rei ‡aJuvenile - NonFiction ‡tJuv Nonfiction ‡g17.95
852 . ‡p32269000555360 ‡jJ985.019 Rei ‡gJuvenile - NonFiction ‡cJuv Nonfiction ‡y17.95 ‡bSBPL
901 . ‡a125309 ‡bUnknown ‡c125309 ‡tbiblio

Additional Resources